| 000 | 00827nam a2200253 i 4500 | ||
|---|---|---|---|
| 001 | bg | ||
| 100 | 1 |
_aChen, Wai-Fah _d(1936- ). |
|
| 245 | 1 | 0 |
_aStability design of semi-rigid frames / _cW. _nF. Chen, Yoshiaki Goto, J. Y. Richard Liew. |
| 260 |
_aNew York [et al.] : _bJohn Wiley, _c1996. |
||
| 300 |
_aXVI, 468 s. : _brys., wykr. ; _c24 cm + _edyskietka 3,5. |
||
| 504 | _aBibliogr. przy rozdz. - Indeks. | ||
| 650 | 9 |
_aKonstrukcje budowlane _xmechanika _xbadanie _xmetody |
|
| 650 | 9 |
_aKonstrukcje metalowe _xmechanika _xbadanie |
|
| 650 | 9 |
_aStateczność _xzagadnienia |
|
| 700 | 1 | _aGOTO, Yoshiaki | |
| 700 | 1 | _aLIEW, J. Y. Richard | |
| 020 | _a0471076708 | ||
| 040 | _cBPK | ||
| 041 | 0 | _aen | |
| 080 | _a624.01/.07:539.3/.6 | ||
| 920 | _a0-471-07670-8 | ||
| 942 | _cKS | ||
| 008 | s pl f |000 0 pol | ||
| 999 |
_c30853 _d30853 |
||
| 856 |
_uhttp://koha.tu.koszalin.pl/cgi-bin/koha/opac-detail.pl?biblionumber=30853 _yKatalog online BPK |
||